| 000 | 00676nam a2200181 i 4500 | ||
|---|---|---|---|
| 001 | 129097 | ||
| 003 | ES-MaACL | ||
| 007 | t| | ||
| 008 | 070605s1945 sp ||||1| spa d | ||
| 080 | _a378.4(467.31 V.) | ||
| 100 | 1 |
_aTeixidor, José. _9109543 |
|
| 245 | 1 | 0 |
_aSan Vicente Férrer _b: promotor y causa / _cJosé Teixidor ; introducción y notas por F. Suárez Verdeguer. |
| 260 |
_aMadrid : _b[s.n.], _c1945 ( _fLa Semana Gráfica) |
||
| 300 |
_aXLIX, 67 p. ; _c20 cm. |
||
| 500 | _aConsejo Superior de Investigaciones Científicas. Escuela de Estudios Medievales. Sección de Valencia. | ||
| 700 | 1 |
_aSuárez, Federico. _9108558 |
|
| 852 |
_aES-MaACL _jB-19570 _bR.22153 |
||
| 999 |
_c129097 _d129097 |
||